000
00318nam a22001337a 4500
008
181022b xxu||||| |||| 00| 0 eng d
020
_a
9780030209680
041
_a
eng
080
_2
5 ED
_a
531
100
_a
43
101
_a
FIZ
245
_a
Physics For Scientists And Engineering
_c
Serway.B
942
_2
udc
_c
BK
999
_c
50506
_d
50506